The United Kingdom... or Ukraine? - Statistics

General Stats
  • This quiz has been taken 1,075 times
    428 since last reset
  • The average score is 10 of 15
Answer Stats
Question Answer % Correct
Has a greater land area Ukraine
97%
Grows more wheat overall Ukraine
94%
Was once the wealthiest country on earth per capita United Kingdom
93%
Has a nuclear arsenal United Kingdom
87%
Drives on the right side of the road Ukraine
79%
Has a drinking age of 18 Both
76%
Came into existence as a country first United Kingdom
65%
Relies on nuclear power as the primary source of energy Ukraine
57%
Has a lower average elevation United Kingdom
56%
Is a member of the Council of Europe Both
51%
Has a higher fertility rate United Kingdom
50%
The most popular alcoholic drink is beer United Kingdom
44%
Has a capital city with at least 4 million inhabitants United Kingdom
43%
Has a Christian head of state United Kingdom
41%
Took part in the occupation of Iraq following Saddam Hussein's deposition Both
25%
No matching quizzes found
Score Distribution
Percent of People with Each Score
Percentile by Number Answered
Your Score History
You have not taken this quiz since the last reset